Sociálne zabezpečenie pri zamestnávaní občanov EÚ

Sociálne zabezpečenie v Európskej únii. Nariadenia EÚ. Vysielanie zamestnancov do iného členského štátu Európskej únie. Postup pri vysielaní. Ilustračné príklady.

Uložené v:
Podrobná bibliografia
Hlavný autor: Strýčková, Jolana
Médium: Kapitola
Jazyk:Slovak
Predmet:
Tagy: Pridať tag
Žiadne tagy, Buďte prvý, kto otaguje tento záznam!

MARC

LEADER 00000naa$a2200000$$$4500
001 0101640
005 20231127095620.1
041 0 |a slo 
044 |a SK 
245 1 0 |a Sociálne zabezpečenie pri zamestnávaní občanov EÚ  |c Jolana Strýčková 
520 |a Sociálne zabezpečenie v Európskej únii. Nariadenia EÚ. Vysielanie zamestnancov do iného členského štátu Európskej únie. Postup pri vysielaní. Ilustračné príklady. 
610 2 0 |a zabezpečenie sociálne 
610 2 0 |a Európska únia 
610 2 0 |a zamestnávatelia 
610 2 0 |a zamestnanci 
610 2 0 |a legislatíva 
100 1 |a Strýčková, Jolana